000 00450nam a2200181Ia 4500
001 23801
005 20260414151001.0
008 260414t2007||||xx |||||||||||||| ||spa||
041 _aESP
082 _a709.8
_bR46
100 _aRishel, Joseph J.
_eAUT
245 0 _aRevelaciones :
_blas artes en América Latina, 1492-1820
260 _c2007
300 _a576 páginas :
_c30 cm.
650 _aABD
654 _aCAU
942 _cLIB
_dJUS
_fJUS
_2ddc
_n
999 _c23801
_d23801